000 00326pab a2200145 454500
008 180718b1984 xxu||||| |||| 00| 0 eng d
100 _aRoss, Lester
245 _aEarthquake policy in China
260 _c1984
300 _a773-87
362 _aJuly
650 _aDisasters - China
773 _aAsian Survey
909 _a7311
999 _c7311
_d7311